000 01088cad a22002175a 4500
001 E149500
008 100310s2010 xxk f s000 0 eng d
020 _a9780755978236
035 _a(Sirsi) u149500
041 0 _aeng
110 2 _aScotland
_bScottish Government
_95344
245 0 0 _aDelivering planning reform for aquaculture
_h[electronic resource]
260 _aEdinburgh
_bScottish Government
_c2010
520 _aSets out proposed changes to the planning system aimed at improving the current planning system for aquaculture. Proposals include up to date development plans; improved planning applications and Environmental Statements; a more streamlined statutory consultation process; more co-operation between the public and private sector; stakeholder partnerships; and greater transparency.
521 _aAdvanced
590 _aKA
651 4 _aScotland
_y1999-
690 _aPROPERTY-RURAL AND NATURAL ASSETS-WATER RESOURCES
856 4 0 _uhttps://www.scotland.gov.uk/Publications/2010/02/26144110/0
_zView the report free of charge at www.scotland.gov.uk
942 _n0
999 _c110516
_d110516